El moderno sistema mundial (Record no. 625)

MARC details
000 -CABECERA
campo de control de longitud fija 01612nam a2200289 a 4500
001 - NÚMERO DE CONTROL
campo de control BRCA_724
005 - FECHA Y HORA DE LA ÚLTIMA TRANSACCIÓN
campo de control 20190320203125.0
008 - DATOS DE LONGITUD FIJA--INFORMACIÓN GENERAL
campo de control de longitud fija spam19791998mx-a---###---#000-0#spa-#
020 ## - NÚMERO INTERNACIONAL ESTÁNDAR DEL LIBRO
Número Internacional Estándar del Libro 9682312914 (Obra completa)
050 #4 - SIGNATURA TOPOGRÁFICA DE LA BIBLIOTECA DEL CONGRESO
Número de clasificación HC51
Número de documento/Ítem .W28 1979
100 1# - ENTRADA PRINCIPAL--NOMBRE DE PERSONA
Nombre de persona Wallerstein, Immanuel Maurice
Fechas asociadas al nombre 1930-
9 (RLIN) 2384
245 10 - MENCIÓN DE TÍTULO
Título El moderno sistema mundial
Mención de responsabilidad, etc. Immanuel Wallerstein ; traducción de Antonio Resines, Pilar López Máñez y Jesús Albores.
260 ## - PUBLICACIÓN, DISTRIBUCIÓN, ETC.
Lugar de publicación, distribución, etc. México
Nombre del editor, distribuidor, etc. Siglo XXI
Fecha de publicación, distribución, etc. 1979
300 ## - DESCRIPCIÓN FÍSICA
Extensión 3 v.
Otras características físicas il.
Dimensiones 21 cm.
440 #0 - MENCIÓN DE SERIE/PUNTO DE ACCESO ADICIONAL--TÍTULO
Título Historia
9 (RLIN) 2385
500 ## - NOTA GENERAL
Nota general Incluye índice analítico
500 ## - NOTA GENERAL
Nota general Traducción de: v.1. The Modern World-System. Capitalist Agriculture and the Originis of the European World-Economy in the Sixteennth Century. -- v.2. The Moderm World-System. II. Mercantilism and the Consolidation of European-Economy, 1600-1750. -- v.3. The Modern World-System III : The Second era of Great Expansion of the Capitalist World-Economy, 1730-1840
504 ## - NOTA DE BIBLIOGRAFÍA, ETC.
Nota de bibliografía, etc. Incluye referencias bibliográficas
505 0# - NOTA DE CONTENIDO CON FORMATO
Nota de contenido con formato Contenido: v.1. La agricultura capitalista y los orígenes de la economía-mundo europea en el siglo VXI. -- v.2. El mercantilismo y la consolidación de la economía-mundo europea 1600-1750. -- v.3. La segunda era de gran expansión de la economía-mundo capitalista, 1730-1850
650 14 - PUNTO DE ACCESO ADICIONAL DE MATERIA--TÉRMINO DE MATERIA
Término de materia o nombre geográfico como elemento de entrada Sistemas mercantiles
Subdivisión general Historia
9 (RLIN) 2386
650 14 - PUNTO DE ACCESO ADICIONAL DE MATERIA--TÉRMINO DE MATERIA
Término de materia o nombre geográfico como elemento de entrada Historia económica
Subdivisión cronológica 1600-1750
9 (RLIN) 2387
651 #4 - PUNTO DE ACCESO ADICIONAL DE MATERIA--NOMBRE GEOGRÁFICO
Nombre geográfico Europa
Subdivisión general Condiciones económicas
Subdivisión cronológica Siglo XVI
9 (RLIN) 2388
700 1# - PUNTO DE ACCESO ADICIONAL--NOMBRE DE PERSONA
Nombre de persona Resines, Antonio
9 (RLIN) 2389
700 1# - PUNTO DE ACCESO ADICIONAL--NOMBRE DE PERSONA
Nombre de persona López Máñez, Pilar
9 (RLIN) 2390
700 1# - PUNTO DE ACCESO ADICIONAL--NOMBRE DE PERSONA
Nombre de persona Albores, Jesús
9 (RLIN) 2391
942 ## - ELEMENTOS DE PUNTO DE ACCESO ADICIONAL (KOHA)
Fuente del sistema de clasificación o colocación Library of Congress Classification
Tipo de ítem Koha Libros
Holdings
Estado de retiro Estado de pérdida Estado dañado No para préstamo Localización permanente Ubicación/localización actual Fecha de adquisición Total de préstamos Signatura topográfica completa Código de barras Fecha visto por última vez Precio válido a partir de Tipo de ítem Koha Código de colección
El ejemplar forma parte de la colección y puede ser consultado según las políticas vigentes.       Biblioteca del Museo Franz Mayer (Rogerio Casas-Alatriste) Biblioteca del Museo Franz Mayer (Rogerio Casas-Alatriste) 26/06/2008   HC51 .W28 1979 01112 22/03/2019 22/03/2019 Libros  
El ejemplar forma parte de la colección y puede ser consultado según las políticas vigentes.       Biblioteca del Museo Franz Mayer (Rogerio Casas-Alatriste) Biblioteca del Museo Franz Mayer (Rogerio Casas-Alatriste) 19/10/2010   HC51 .W28 1979 01113 22/03/2019 22/03/2019 Libros Acervo General
El ejemplar forma parte de la colección y puede ser consultado según las políticas vigentes.       Biblioteca del Museo Franz Mayer (Rogerio Casas-Alatriste) Biblioteca del Museo Franz Mayer (Rogerio Casas-Alatriste) 19/10/2010   HC51 .W28 1979 01114 22/03/2019 22/03/2019 Libros Acervo General